Нормален изглед
MARC изглед
- Нац. изд. за образование и наука Аз Буки
Вход 02. Организация (Колективен автор)
001 - Контролен номер на записа
- Контролно поле: 455380
003 - Код на организацията, даваща контролен номер
- Контролно поле: BLK
005 - Дата и час на последна промяна на записа
- Контролно поле: 20210526124945.0
008 - Данни с фиксирана дължина – обща информация
- Данни с фиксирана дължина : 210526|| aca||aabn | a|a d
110 ## - НАИМЕНОВАНИЕ НА КОЛЕКТИВЕН ОРГАН -ПЪРВИЧНА ИНТЕЛЕКТУАЛНА ОТГОВОРНОСТ
- Название на организация или юридическо име като основно описание: Нац. изд. за образование и наука Аз Буки
942 ## - Системна служебна употреба
- Koha auth type: CORPO_NAME